000 00554nam a2200229Ia 4500
003 OSt
005 20220924142553.0
006 a|||||r|||| 00| 0
007 ta
008 ASM
024 _a302411
037 _cTextual
040 _aARTS
_cARTS
_bASM
041 _2ASM
_aASM
082 _aO35,1K52;g, 158M0
100 _aSastri Biswanarayan Tr.
_9213632
245 0 _aVemana
260 _c1980
650 _aTELUGU LITERATURE
942 _hO35,1K52;g, 158M0
_cTEXL
_2CC
999 _c451127
_d451127